000 00530nam a2200217Ia 4500
003 OSt
005 20220924134356.0
006 a|||||r|||| 00| 0
007 ta
008 220923b |||||||| |||| 00| 0 snd d
024 _a273910
037 _cTextual
040 _aARTS
_cARTS
_bsnd
041 _2snd
_asnd
082 _aO1593,3NG0x, K3
100 _aGopi Nirmohi
_9208466
245 0 _aHik dimagh
260 _c1963
942 _hO1593,3NG0x, K3
_cTEXL
_2CC
999 _c437283
_d437283